000 01144nam a2200313 i 4500
001 000014777
003 DO-SdBNP
005 20260331140534.0
007 ta
008 100122s2007 dr 000 j spa d
020 _z9945408002
040 _aDO-SdBNP
_bspa
_cBNPHU
_erda
041 _aspa
082 4 _aRD863.44
_bB142s
_222
100 1 _aBáez Guerrero, José,
_d1958-
_eautor
_917125
_4aut.
245 1 0 _aSiete gotas de arena /
_cJosé Báez Guerrero.
264 4 _aSanto Domingo, República Dominicana :
_bEditora Montalvo,
_c©2007.
300 _a117 páginas ;
_c21 cm.
336 _atexto
_btxt
_2rdacontent
337 _asin mediación
_bn
_2rdamedia
338 _avolumen
_bnc
_2rdacarrier
500 _aIncluye datos biográficos del autor en la contracubierta
505 _aExplicación (ó exculpación) -- Cuentos del fin del mundo --Duda -- Proeza de Livánder --Palo Hincado -- El sable -- Siete gotas de arena -- El Espía.
590 _aInventariado, 2020/MFF
650 0 _aCuentos dominicanos
_9176
650 0 _aLiteratura dominicana.
_967
910 _aValidado. Control de calidad MMOLINA
942 _2ddc
_cLBS1
999 _c14360
_d14360